Surányi-Unger professzor tanulmánya a magyar gazdasági életről
Elmentve itt :
| Dokumentumtípus: | Cikk |
|---|---|
| Megjelent: |
1939-07-16
|
| Sorozat: | Délmagyarország
15 No. 160 |
| Kulcsszavak: | Surányi-Unger Tivadar, Közgazdaságtudomány |
| Online Access: | http://dmarchiv.bibl.u-szeged.hu/33306 |
| LEADER | 00470nab a2200145 i 4500 | ||
|---|---|---|---|
| 001 | delm33306 | ||
| 005 | 20180927105623.0 | ||
| 008 | 180927s1939 hu o 0|| hun d | ||
| 040 | |a SZTE Délmagyarország Archívum |b hun | ||
| 041 | |a hun | ||
| 245 | 0 | 0 | |a Surányi-Unger professzor tanulmánya a magyar gazdasági életről |h [elektronikus dokumentum] |
| 260 | |c 1939-07-16 | ||
| 300 | |a 10 | ||
| 490 | 0 | |a Délmagyarország |v 15 No. 160 | |
| 695 | |a Surányi-Unger Tivadar, Közgazdaságtudomány | ||